Представление документа в формате MARC21

Поле Инд. ПП Название Значение
Тип записи a
Библиографический уровень m
001 Контрольный номер RU/LIBMSTU/444760810
005 Дата корректировки 20240418144249.8
008 Кодируемые данные 140204|||||||||ru |||||||||||000|||rus||
020 a ISBN 978-5-4222-0204-1
040 b Код языка каталог. rus
041 0_ a Код языка текста rus
084 a Индекс другой классификации/Индекс ББК 81.0+81.2+81.2-4
090 a Полочн. индекс 81
x Авторский знак С 48
245 10 a Заглавие Словарь лексики духовной культуры кольских саами
c Ответственность М-во образования и науки Рос. Федерации, Мурман. гос. гуманитар. ун-т ; [авт.-сост. О. Н. Иванищева, В. Б. Бакула]
260 a Место издания Мурманск
b Издательство Изд-во МГГУ
c Дата издания 2013
300 a Объем 222 с.
500 a Примечание Имеется электрон. аналог 2013 г.
504 a Библиография Библиогр.: с. 216-221
650 04 a Основная рубрика Лексикография-Словари
653 0_ a Ключевые слова Культура саамская; Культурная информация; Лексика; Лексикография; Лексикографирование культуры; Лингвистика; Саамы; Саамский язык; Словари; Словари двуязычные; Словари культурологические; Словари лингвострановедческие
700 12 a Другие авторы Иванищева О. Н.
e Роль лиц авт.-сост.
700 1_ a Другие авторы Бакула В. Б.
e Роль лиц авт.-сост.
901 t Тип документа m